|
|
|
|
| LEADER |
00812nam a2200217 i 4500 |
| 001 |
c000371346 |
| 003 |
CARM |
| 005 |
00000000000000.0 |
| 008 |
851211s1965 00000 eng d |
| 019 |
1 |
|
|a 22073188
|z 4183995
|5 LACONCORD2021
|
| 035 |
|
|
|a (OCoLC)250134
|5 LACONCORD2021
|
| 050 |
0 |
0 |
|a HG4011.W27
|
| 082 |
0 |
4 |
|a 658.15
|
| 100 |
1 |
|
|a Walker, Ernest W.
|q (Ernest Winfield)
|
| 245 |
1 |
0 |
|a Essentials of financial management /
|c Ernest W. Walker.
|
| 260 |
|
|
|a Englewood Cliffs, N. J. :
|b Prentice-Hall,
|c c1965.
|
| 300 |
|
|
|a 217 p. ;
|c 21 cm.
|
| 650 |
|
0 |
|a Corporations
|x Finance.
|
| 852 |
8 |
|
|b CARM
|h A1:AL10F0
|i B09936
|p 0446274
|f BK
|
| 999 |
f |
f |
|i 37d41b26-98bb-591a-9f72-9167807d0bcd
|s 911c693f-27df-5191-8a35-ed70f92d218a
|
| 952 |
f |
f |
|p Can circulate
|a CAVAL
|b CAVAL
|c CAVAL
|d CARM 1 Store
|e B09936
|f A1:AL10F0
|h Other scheme
|i book
|m 0446274
|